[Event "AUTO-INT-3913"]
[Site "http://www.queenalice.com/game.php?id=1851310"]
[Date "2025.1.31"]
[Round "1"]
[White "Ruusgugg"]
[Black "ajr"]
[Result "0-1"]
[WhiteElo "1255"]
[BlackElo "1581"]

1. e4 a6 2. d4 h6 3. f4 e6 4. Nf3 b5 5. c4 Bb7 6. Bd3 bxc4 7. Bxc4 Bxe4 8. g4
Bxb1 9. Rxb1 d5 10. Bd3 Bb4+ 11. Kf1 Nf6 12. g5 hxg5 13. Nxg5 c6 14. a3 Bd6 15.
h4 Qc7 16. f5 Bf4 17. Bxf4 Qxf4+ 18. Ke2 Rxh4 19. Nh3 Rxh3 20. Rxh3 Qg4+ 21. Rf3
Qxd4 22. Re3 e5 23. Qg1 Qg4+ 24. Qxg4 Nxg4 25. Rg3 e4 26. Bc2 Ne5 27. Rxg7 Nbd7
28. Rh1 Nf8 29. Rh6 Rb8 30. b3 Rd8 31. Rh5 Ke7 32. b4 Kf6 33. Rhg5 Neg6 34. Ba4
Kxg7 35. fxg6 fxg6 36. Bxc6 Kf6 37. Rxd5 Rxd5 38. Bxd5 Ke5 39. Bb7 Ne6 40. Bxa6
g5 41. Ke3 Nd4 42. Bb7 Nc2+ 43. Kd2 Nxa3 44. Bc8 Kf4 45. Ke2 Nb5 46. Ba6 Nd4+
47. Kd1 g4 48. Kd2 g3 49. Bf1 Kf3 50. Kd1 Kf2 51. Bh3 e3 52. Bg4 g2 0-1

[Event "AUTO-INT-3913"]
[Site "http://www.queenalice.com/game.php?id=1851311"]
[Date "2025.1.31"]
[Round "1"]
[White "ajr"]
[Black "Ruusgugg"]
[Result "1-0"]
[WhiteElo "1577"]
[BlackElo "1224"]

1. d4 f5 2. Nc3 g6 3. Nf3 h5 4. a3 d5 5. Bg5 Nf6 6. Bxf6 exf6 7. e3 g5 8. h3 g4
9. Nd2 gxh3 10. g3 a6 11. Bxh3 b5 12. Bg2 c6 13. Bf3 Nd7 14. Bxh5+ Ke7 15. Ke2
c5 16. Nxd5+ Kd6 17. Nf4 c4 18. Bg6 Rg8 19. Bxf5 Qc7 20. Ne4+ Ke7 21. Rh7+ Bg7
22. Nh5 Kf8 23. Nxg7 c3 24. Ne6+ 1-0

[Event "AUTO-INT-3913"]
[Site "http://www.queenalice.com/game.php?id=1851320"]
[Date "2025.1.31"]
[Round "1"]
[White "game"]
[Black "ajr"]
[Result "0-1"]
[WhiteElo "1369"]
[BlackElo "1588"]

1. e3 c5 2. Nf3 a6 3. d4 e6 4. e4 b5 5. Ne5 c4 6. Qf3 f6 7. Ng4 h5 8. e5 hxg4 9.
Qxa8 Qb6 10. Qe4 f5 11. Qf4 g6 12. Be3 Ne7 13. d5 Qa5+ 14. Nc3 Nxd5 15. Qg5 Kf7
16. O-O-O Be7 17. Qxg6+ Kxg6 18. Nxd5 exd5 19. Rxd5 Bb7 20. Bd2 Bb4 21. Rd6+ Kf7
22. a3 Bxd2+ 23. Rxd2 Ke6 24. Re2 Nc6 25. c3 Nxe5 26. Re3 f4 27. Re1 Kf5 28. h3
Nd3+ 29. Bxd3+ cxd3 30. hxg4+ Kxg4 31. Rxh8 Bxg2 32. Rg1 Kf3 33. Rh2 Ke2 34.
Rhxg2 d2+ 35. Kc2 Qa4+ 36. Kb1 d1=Q+ 37. Rxd1 Qxd1+ 38. Ka2 f3 39. Rg6 a5 40.
Rb6 Kxf2 41. Rxb5 Ke2 42. Rxa5 f2 43. Re5+ Kf3 44. Rf5+ Kg2 45. Rg5+ Kf1 46. Rh5
Qxh5 47. a4 Kg2 48. b4 f1=Q 49. a5 Qhe2+ 50. Ka3 Qa1+ 51. Kb3 Qab2+ 52. Ka4 Qa2#
0-1

[Event "AUTO-INT-3913"]
[Site "http://www.queenalice.com/game.php?id=1851321"]
[Date "2025.1.31"]
[Round "1"]
[White "ajr"]
[Black "game"]
[Result "1-0"]
[WhiteElo "1579"]
[BlackElo "1404"]

1. d4 d5 2. h3 Nf6 3. Nc3 Nc6 4. a3 e5 5. Bg5 Nxd4 6. Bxf6 Qxf6 7. e3 Nf5 8.
Nxd5 Qc6 9. Nc3 Qf6 10. Nd5 Qc6 11. Nc3 Bd7 12. Bb5 Qe6 13. Bxd7+ Qxd7 14. Qxd7+
Kxd7 15. Rd1+ Ke7 16. Nd5+ Ke6 17. Nxc7+ Kf6 18. Nxa8 Bc5 19. Nc7 Rc8 20. Nb5
Be7 21. c3 Nh4 22. Kf1 Rc5 23. Nxa7 Rc7 24. Nb5 Rc5 25. a4 e4 26. g3 Ng6 27. Ne2
Rf5 28. Ned4 Re5 29. f4 Rh5 30. g4 Rh4 31. Nf5 Bc5 32. Kf2 Nxf4 33. Kg3 g5 34.
exf4 gxf4+ 35. Kxh4 Bf2+ 36. Kh5 Ke5 37. Rh2 Bg3 38. Rhd2 e3 39. Rd5+ Ke4 40.
Nbd6+ Kf3 41. Nxg3 fxg3 42. Rf5+ Kg2 43. Nc4 Kxh3 44. Nxe3 h6 45. Kxh6 g2 46.
Rh5+ Kg3 47. Nxg2 Kxg2 48. Rf5 1-0

[Event "Challenge"]
[Site "http://www.queenalice.com/game.php?id=1851352"]
[Date "2025.1.31"]
[Round "-"]
[White "digger"]
[Black "ajr"]
[Result "1-0"]
[WhiteElo "1574"]
[BlackElo "1598"]

1. d4 h6 2. e4 a6 3. Bc4 b5 4. Bd3 e6 5. Nc3 Bb4 6. Bd2 c6 7. Nce2 Bxd2+ 8. Qxd2
a5 9. Nf3 d5 10. exd5 exd5 11. Qe3+ Qe7 12. Qxe7+ Kxe7 13. O-O Bg4 14. Ne5 Bxe2
15. Bxe2 Nf6 16. a3 Ra7 17. h3 Ke6 18. Rae1 Rc8 19. Ng4 Nxg4 20. Bxg4+ Kd6 21.
Bxc8 g6 22. f4 h5 23. f5 gxf5 24. Rxf5 Re7 25. Rxe7 Kxe7 26. Re5+ Kf6 27. Rxh5
Kg7 28. Bf5 Kf6 29. Bd3 Nd7 30. Rh6+ Ke7 31. Rxc6 f6 32. Bxb5 f5 33. Rc7 f4 34.
Rxd7+ Ke6 35. Kf2 Kf5 36. Rxd5+ Ke4 37. Bc6 f3 38. Rxa5+ Kf4 39. g3# 1-0

[Event "AUTO-INT-3918"]
[Site "http://www.queenalice.com/game.php?id=1852644"]
[Date "2025.2.22"]
[Round "1"]
[White "ajr"]
[Black "renet54"]
[Result "1-0"]
[WhiteElo "1583"]
[BlackElo "1564"]

1. d4 d5 2. h3 Nf6 3. Nc3 e6 4. Bg5 Be7 5. Nf3 O-O 6. e3 Nc6 7. a3 Re8 8. Bb5
Qd6 9. Bxc6 bxc6 10. O-O Ba6 11. Re1 h6 12. Bxf6 Bxf6 13. Na4 Re7 14. Nc5 Bc8
15. b4 e5 16. c3 Bxh3 17. gxh3 e4 18. Nh2 Bh4 19. Qg4 Bg5 20. h4 Rae8 21. a4 Qf6
22. a5 Bxh4 23. Qf4 Qg6+ 24. Qg4 Qf6 25. Qf4 Bxf2+ 26. Qxf2 Qg5+ 27. Qg2 Qxg2+
28. Kxg2 f5 29. Kg3 Rf8 30. Kf4 g5+ 31. Kg3 f4+ 32. Kg4 fxe3 33. Rf1 Rfe8 34.
Rae1 Rg7 35. Rf6 h5+ 36. Kxh5 Rh7+ 37. Rh6 Rxh6+ 38. Kxh6 Re7 39. Rxe3 Rh7+ 40.
Kxg5 Rxh2 41. Ne6 Rg2+ 42. Kf5 Rf2+ 43. Ke5 1-0

[Event "AUTO-INT-3918"]
[Site "http://www.queenalice.com/game.php?id=1852645"]
[Date "2025.2.22"]
[Round "1"]
[White "renet54"]
[Black "ajr"]
[Result "1-0"]
[WhiteElo "1581"]
[BlackElo "1613"]

1. d4 d5 2. Bf4 h6 3. e3 a6 4. Nf3 Bg4 5. Nc3 c6 6. Bd3 e5 7. Bxe5 f6 8. Bg6+
Kd7 9. Qd3 Bxf3 10. gxf3 Bb4 11. Qf5+ Ke7 12. O-O-O Bxc3 13. bxc3 Nd7 14. Rhe1
Nxe5 15. dxe5 b5 16. e4 Qd7 17. exf6+ Nxf6 18. exd5+ Kd6 19. dxc6+ Kxc6 20. Rxd7
Nxd7 21. Re6+ Kc7 22. Re7 Rad8 23. Qc5+ Kb7 24. Be4+ Kb8 25. Rxd7 Rxd7 26. Qb6+
Kc8 27. Qxa6+ Kd8 28. Qa8+ 1-0

[Event "AUTO-INT-3918"]
[Site "http://www.queenalice.com/game.php?id=1852646"]
[Date "2025.2.22"]
[Round "1"]
[White "ajr"]
[Black "tche_elvio"]
[Result "0-1"]
[WhiteElo "1618"]
[BlackElo "1459"]

1. d4 g6 2. Nf3 Bg7 3. h3 e6 4. Nc3 d5 5. Bf4 Ne7 6. e3 a6 7. Be5 Bxe5 8. Nxe5
O-O 9. Ng4 b5 10. Nf6+ Kg7 11. Qf3 Nf5 12. Ng4 h5 13. Ne5 Bb7 14. g3 Nd7 15. Qf4
Nxe5 16. Qxe5+ Kh7 17. Bd3 Rc8 18. e4 Qd6 19. exf5 Qxe5+ 20. dxe5 exf5 21. f4 c5
22. Kf2 d4 23. Ne2 Bxh1 24. Rxh1 c4 25. Bxf5 d3 26. cxd3 gxf5 27. d4 f6 28. h4
fxe5 29. dxe5 b4 30. Ke3 c3 31. bxc3 bxc3 32. Rc1 c2 33. Kf2 a5 34. Nd4 Rfd8 35.
Ke3 Rc3+ 36. Kd2 Rxg3 37. Rxc2 Rxd4+ 38. Kc1 Rxf4 39. e6 Re3 40. Rc7+ Kg6 41.
Rc6 Rxh4 42. e7+ Kg5 43. Rc7 Rh1+ 44. Kb2 Rh2+ 45. Kb1 Rh1+ 46. Kb2 Rh2+ 47. Rc2
Rxc2+ 48. Kxc2 Rxe7 49. Kb3 Re4 50. a4 h4 51. Ka3 h3 0-1

[Event "AUTO-INT-3918"]
[Site "http://www.queenalice.com/game.php?id=1852647"]
[Date "2025.2.22"]
[Round "1"]
[White "tche_elvio"]
[Black "ajr"]
[Result "0-1"]
[WhiteElo "1481"]
[BlackElo "1596"]

1. e4 a6 2. g3 d5 3. d4 dxe4 4. Be3 h6 5. Bg2 Nf6 6. Nc3 Bg4 7. Nge2 e6 8. Nxe4
Nxe4 9. Bxe4 Bxe2 10. Qxe2 c6 11. O-O Qb6 12. b3 Qb5 13. Qxb5 axb5 14. Bd3 g5
15. c4 bxc4 16. Bxc4 b5 17. Bd3 Bg7 18. a4 c5 19. Bxb5+ Ke7 20. Rac1 Rd8 21.
Rxc5 Bxd4 22. Bxd4 Rxd4 23. Rc7+ Kf6 24. Rc4 Rxc4 25. bxc4 Ra7 26. h3 Nd7 27. g4
Nc5 28. f4 gxf4 29. Rxf4+ Kg5 30. Rd4 Kh4 31. Kg2 Kg5 32. Kg3 f6 33. h4+ Kg6 34.
Be8+ Kg7 35. h5 e5 36. Rd5 Ne4+ 37. Kh4 Re7 38. Rd7 Rxd7 39. Bxd7 Ng5 40. Bc6 e4
41. Bxe4 Nxe4 42. a5 Nc5 43. Kg3 Kf7 44. Kf4 Ke6 45. Ke3 Ke5 46. g5 fxg5 47. a6
Nxa6 0-1

[Event "Let's Play 836"]
[Site "http://www.queenalice.com/game.php?id=1853925"]
[Date "2025.3.18"]
[Round "-"]
[White "ajr"]
[Black "digger"]
[Result "0-1"]
[WhiteElo "1580"]
[BlackElo "1709"]

1. d4 d5 2. h3 Nc6 3. e4 e6 4. e5 Qh4 5. a3 Qe4+ 6. Ne2 Nxd4 7. Be3 Nxe2 8. Qxe2
d4 9. Bd2 Qxc2 10. Be3 Qxe2+ 11. Kxe2 dxe3 12. Kxe3 b6 13. Bb5+ Bd7 14. Bxd7+
Kxd7 15. Rd1+ Kc8 16. b4 Ne7 17. g4 Nd5+ 18. Ke4 c6 19. Rd3 Kb7 20. Nc3 Rd8 21.
Rc1 b5 22. Nxd5 exd5+ 23. Ke3 g6 24. f4 Bg7 25. Rd2 Rhe8 26. Re2 Re6 27. Kd4 f6
28. Rcc2 fxe5+ 29. Kd3 e4+ 30. Kd2 d4 31. Rc5 e3+ 32. Kd3 a5 33. bxa5 Ra8 34. a4
Rxa5 35. axb5 Rxb5 36. Rxb5+ cxb5 37. Rb2 Kb6 38. f5 gxf5 39. gxf5 Rf6 40. Ke4
Rh6 41. Rh2 Rh4+ 42. Kf3 Be5 0-1

[Event "Challenge"]
[Site "http://www.queenalice.com/game.php?id=1854744"]
[Date "2025.3.31"]
[Round "-"]
[White "Mr_SPOCK"]
[Black "ajr"]
[Result "1-0"]
[WhiteElo "1733"]
[BlackElo "1606"]

1. e4 c5 2. e5 e6 3. d4 a6 4. Nf3 h6 5. Nc3 b5 6. a3 c4 7. b4 Bb7 8. Be2 g5 9.
h4 g4 10. Ng5 hxg5 11. Bxg5 Be7 12. Bxe7 Qxe7 13. Rh2 f5 14. exf6 Qxf6 15. Bxg4
Rxh4 16. Rxh4 Qxh4 17. Bh3 d5 18. Qf3 Ke7 19. O-O-O Bc6 20. Re1 Bd7 21. Nxd5+
Kd6 22. Nf4 Bc6 23. Rxe6+ Kc7 24. Nd5+ Kb7 25. Qf7+ 1-0

[Event "AUTO-INT-3925"]
[Site "http://www.queenalice.com/game.php?id=1855019"]
[Date "2025.4.5"]
[Round "1"]
[White "renet54"]
[Black "ajr"]
[Result "1-0"]
[WhiteElo "1622"]
[BlackElo "1595"]

1. d4 d5 2. Nf3 f6 3. Bf4 g5 4. e3 gxf4 5. exf4 Bg4 6. Be2 Bxf3 7. Bxf3 e6 8.
O-O Bh6 9. Nc3 Bxf4 10. Re1 Qd6 11. Nxd5 Bxh2+ 12. Kf1 c6 13. Re2 cxd5 14. Qd3
a6 15. Rae1 Kd7 16. Rxe6 Qc7 17. Bg4 Bd6 18. Re7+ Kd8 19. Re8# 1-0

[Event "AUTO-INT-3925"]
[Site "http://www.queenalice.com/game.php?id=1855020"]
[Date "2025.4.5"]
[Round "1"]
[White "ajr"]
[Black "renet54"]
[Result "1-0"]
[WhiteElo "1569"]
[BlackElo "1587"]

1. d4 d5 2. h3 Nc6 3. a3 Nf6 4. Nc3 e6 5. Bg5 Be7 6. e3 O-O 7. Bxf6 Bxf6 8. Bb5
Bd7 9. Nf3 Re8 10. Bxc6 Bxc6 11. O-O Qd6 12. Re1 Rad8 13. Qe2 Rd7 14. Qd2 Red8
15. a4 e5 16. dxe5 Bxe5 17. Nxe5 Qxe5 18. Qd4 Qd6 19. b4 Re8 20. b5 Qg6 21. Qg4
Qxg4 22. hxg4 Bxb5 23. axb5 Re6 24. Rxa7 Rg6 25. f3 h5 26. gxh5 Rg5 27. g4 g6
28. Kf2 d4 29. exd4 Rxd4 30. hxg6 Rxg6 31. Rxb7 Rc4 32. Ne4 Rxc2+ 33. Re2 Rxe2+
34. Kxe2 Re6 35. Rxc7 Kg7 36. Ke3 Rb6 37. Rc5 Re6 38. g5 Kg6 39. Kd4 f5 40. Ng3
f4 41. Ne4 Re8 42. b6 Rd8+ 43. Ke5 Re8+ 44. Kxf4 Rf8+ 45. Nf6 Rf7 46. Rc7 1-0

[Event "AUTO-INT-3925"]
[Site "http://www.queenalice.com/game.php?id=1855031"]
[Date "2025.4.5"]
[Round "1"]
[White "Yanni"]
[Black "ajr"]
[Result "0-1"]
[WhiteElo "1394"]
[BlackElo "1549"]

1. e4 c5 2. Bc4 e6 3. d3 a6 4. Bf4 d6 5. Nf3 h6 6. Nc3 Qb6 7. b3 g5 8. Bg3 Qb4
9. O-O Qxc3 10. h3 b5 11. Bxe6 Bxe6 12. Qe2 Nc6 13. Rab1 Nd4 14. Nxd4 Qxd4 15.
a4 Ne7 16. axb5 axb5 17. c3 Qxc3 18. Rbc1 Qxb3 19. Bxd6 Ra2 20. Qe1 Rc2 21. Rb1
Qa4 22. d4 Qxd4 23. Bc7 b4 24. Ra1 Bg7 25. Bb6 Kd7 26. Ra7+ Kd6 27. Bc7+ Kd7 28.
Bb6+ Kd6 29. e5+ Bxe5 30. Qb1 Nd5 31. Ba5 Rb2 32. Qc1 Rc8 33. Ra6+ Rc6 34. Ra8
Kd7 35. Rd8+ Ke7 36. Rh8 Bxh8 37. Re1 Qxf2+ 38. Kh1 Qxg2# 0-1

[Event "AUTO-INT-3925"]
[Site "http://www.queenalice.com/game.php?id=1855032"]
[Date "2025.4.5"]
[Round "1"]
[White "ajr"]
[Black "Yanni"]
[Result "1-0"]
[WhiteElo "1559"]
[BlackElo "1404"]

1. d4 d5 2. h3 Nc6 3. a3 Bf5 4. g4 Be4 5. f3 Bg6 6. Nc3 Nf6 7. f4 a6 8. f5 Bxf5
9. gxf5 Nxd4 10. Qxd4 Qd6 11. Bf4 Qc6 12. Bg2 Nh5 13. Bxd5 Qd7 14. e3 c6 15.
Bxf7+ Kd8 16. Qxd7+ Kxd7 17. Bxh5 g5 18. Bxg5 h6 19. Rd1+ Kc7 20. Bf4+ Kb6 21.
b4 Bg7 22. e4 Bxc3+ 23. Kf1 e5 24. Be3+ Kb5 25. Rd3 Bb2 26. Rb3 Bxa3 27. Rxa3
Kxb4 28. Ra1 a5 29. Bd2+ Kb5 30. Nf3 Rhg8 31. Nxe5 Rg3 32. Be2+ Kb6 33. Rb1+ Kc7
34. Ng6 Re8 35. Bf4+ Kd7 36. Kf2 Rc3 37. Rxb7+ Kc8 38. Rc7+ Kd8 39. Bd3 h5 40.
Rb1 Rg8 41. Rb8# 1-0

[Event "AUTO-INT-3925"]
[Site "http://www.queenalice.com/game.php?id=1855039"]
[Date "2025.4.5"]
[Round "1"]
[White "ajr"]
[Black "game"]
[Result "0-1"]
[WhiteElo "1569"]
[BlackElo "1457"]

1. d4 d5 2. h3 Bf5 3. Nc3 Nc6 4. g4 Be6 5. Nf3 Nb4 6. a3 Nc6 7. e4 dxe4 8. Nxe4
g6 9. Bb5 Qd5 10. Bxc6+ Qxc6 11. Qd3 Nf6 12. Nxf6+ exf6 13. d5 Bxd5 14. Ke2
O-O-O 15. Rd1 Bxf3+ 16. Qxf3 Qxc2+ 17. Ke1 h5 18. Rxd8+ Kxd8 19. Qd1+ Qxd1+ 20.
Kxd1 hxg4 21. Ke2 Rxh3 22. Be3 Rh2 23. Bxa7 b6 24. a4 Bc5 25. Rf1 Bb4 26. Rd1+
Kc8 27. Rd4 Bc5 28. Rf4 g3 29. Kf1 g2+ 30. Kg1 Rh5 31. Rxf6 Kb7 32. Bxb6 cxb6
33. Rxf7+ Kc6 34. Kxg2 Bd4 35. b4 Bc3 36. Rf6+ Bxf6 0-1